[Event "27th CRO-chT 1A-Men 2018"]
[Site "Biograd"]
[Date "2018.09.13"]
[Round "6.1"]
[White "Ponkratov, Pavel"]
[Black "Postny, Evgeny"]
[Result "1/2-1/2"]
[WhiteElo "2622"]
[BlackElo "2621"]
[Annotator "TA"]
[PlyCount "120"]
[EventDate "2018.09.08"]
[EventType "team-tourn"]
[EventCountry "CRO"]
[SourceTitle "playchess.com"]
[Source "ChessBase"]
[SourceQuality "1"]

{[%evp 19,120,9,18,20,18,11,20,26,25,25,32,16,16,26,20,16,33,31,30,35,36,19,27,16,22,14,22,8,22,31,34,8,8,8,29,29,29,29,29,29,29,29,29,29,29,29,29,29,33,29,44,16,16,16,16,16,16,0,16,0,16,16,16,16,16,8,16,16,23,23,23,23,23,23,23,23,23,23,23,23,23,23,23,1,23,23,23,18,18,17,18,0,0,0,0,0,0,0,0,0,0,0,0]} 1. Nf3 d5 2. g3 c6 3. Bg2 Bg4 4. h3 Bxf3 5. Bxf3 Nd7 6. Bg2 {A07: Réti Opening: New York and Capablanca Systems} (6. d3 Ngf6 7. O-O e5 8. Nd2 Be7 9. b3 O-O 10. Bb2 Re8 11. e4 d4 12. Bg2 a5 13. a4 Bb4 {½-½ (52) Jakovenko,D (2704)-Malakhov,V (2713) Doha 2016}) 6... Ngf6 7. O-O e5 8. d3 Bc5 9. c4 dxc4 10. dxc4 O-O {LiveBook: 5 Games} 11. Nc3 Qe7 12. Qc2 Rfe8 13. Na4 Bd6 14. Rd1 $146 Nc5 15. Nxc5 Bxc5 16. a3 a5 17. Bd2 h6 18. e3 a4 19. Bc3 Bb6 20. Bb4 Bc5 21. Qc3 (21. Bxc5 {is interesting.} Qxc5 22. Rd2 e4 23. Rad1 Qe5 24. Qc3) 21... Red8 22. Rxd8+ Rxd8 23. Bf3 e4 24. Be2 Bd6 25. Kg2 c5 26. Ba5 b6 27. Bxb6 Rb8 $1 {[%cal Rb8b6]} 28. Qa5 $1 Nd7 29. Bc7 Bxc7 30. Qxc7 {[#] And now Rd1 would win.} Rxb2 31. Rd1 Rxe2 32. Rxd7 $11 {[%mdl 4096] Endgame KQR-KQR} Qf6 33. Qd8+ Qxd8 34. Rxd8+ {KR-KR} Kh7 35. Ra8 Rc2 36. Rxa4 Rc1 37. g4 g5 38. Kg3 Rg1+ 39. Kh2 Rc1 40. Kg2 Kg7 41. Ra6 Rxc4 42. Rc6 Rc3 43. a4 Ra3 44. Rxc5 {Strongly threatening Rc4.} Rxa4 45. Rd5 Kg6 46. Kg3 f6 47. h4 {[%cal Bh3h4,Bh4h5][%mdl 32]} Ra7 48. h5+ Kf7 49. Kg2 Re7 50. Kf1 Re5 51. Rd4 Kf8 52. Ke2 Kf7 53. Rd7+ Re7 {The position is equal.} 54. Rd5 (54. Rd6 {seems wilder.} Re6 55. Rd1 Re7 56. Kf1 Ke6 57. Rd8) 54... Re5 55. Rxe5 (55. Rd6 {with more complications.} Re6 56. Rd1 Re8 57. Rb1 Re5 58. Rb7+) 55... fxe5 {KP-KP} 56. Kd2 Ke6 57. Kc3 Kd5 58. Kb4 {[#] Hoping for Kb5.} Kd6 59. Kb5 {Threatens to win with Kb6.} Kd5 60. Kb6 Kd6 {Precision: White = 64%, Black = 80%.} 1/2-1/2

[Event "27th CRO-chT 1A-Men 2018"]
[Site "Biograd"]
[Date "2018.09.13"]
[Round "6.2"]
[White "Pikula, Dejan"]
[Black "Predke, Alexandr"]
[Result "1/2-1/2"]
[WhiteElo "2469"]
[BlackElo "2612"]
[Annotator "TA"]
[PlyCount "96"]
[EventDate "2018.09.08"]
[EventType "team-tourn"]
[EventCountry "CRO"]
[SourceTitle "playchess.com"]
[Source "ChessBase"]
[SourceQuality "1"]

{[%evp 11,96,0,24,25,21,0,10,-4,0,0,15,0,0,0,0,0,0,-7,13,14,11,15,10,0,0,0,6,11,18,-8,-8,-16,-16,-15,-15,-15,-15,-15,-15,-14,-16,-31,-25,-21,-31,-21,0,0,0,0,0,0,0,-18,-27,-29,-29,-63,-63,-63,-14,-14,-14,-15,-8,-8,0,-8,0,0,0,0,0,0,0,0,0,0,0,0,0,0,0,0,0,0,0]} 1. d4 d5 2. Bf4 c5 3. e3 Nc6 4. c3 Bf5 (4... Nf6 5. Nd2 Bf5 6. Ngf3 e6 7. Nh4 Be4 8. Nhf3 Bf5 9. Nh4 Be4 10. Qb3 Qc8 11. Nhf3 Bf5 12. Be2 Be7 13. O-O O-O 14. h3 h6 15. Rfe1 c4 16. Qd1 b5 {1-0 (66) Grachev,B (2626)-Najer,E (2663) Moscow 2018}) 5. Nd2 e6 6. Ngf3 {D00: 1 d4 d5: Unusual lines} Bd6 {LiveBook: 3 Games} 7. dxc5 Bxc5 8. Be2 Nge7 $146 ({Predecessor:} 8... h6 9. Nb3 Be7 10. Nbd4 Be4 11. Bb5 Bxf3 12. gxf3 {1-0 (35) Zschaebitz,K (1992)-Kaiser,J (2081) Berlin 2006}) 9. O-O O-O 10. c4 Rc8 11. a3 Ng6 12. Bg3 Be7 13. cxd5 Qxd5 14. Qa4 Bd3 15. Bxd3 Qxd3 16. Rfd1 Rfd8 17. Ne4 Qe2 18. b4 b5 19. Qb3 a5 {[%cal Ra5b4]} 20. Nc3 a4 $1 {Hoping for ...Qxf3.} 21. Nxe2 axb3 22. Rxd8+ Rxd8 23. Rb1 Bf6 24. Kf1 b2 {[#]} 25. Ned4 $1 {[%mdl 512]} Bxd4 (25... Nxd4 26. exd4) 26. Nxd4 Nxd4 27. exd4 $11 {[%mdl 4096] Endgame KRB-KRN} f5 28. f3 f4 29. Be1 Ra8 30. Rxb2 Rxa3 31. Rc2 Ne7 32. Ke2 Nf5 33. Rc8+ Kf7 34. Bc3 Ra2+ 35. Bd2 Nxd4+ 36. Kd3 {The position is equal.} e5 {[#]} 37. Bxf4 $1 {[%mdl 512]} exf4 38. Kxd4 Rxg2 {KR-KR} 39. Rc5 Rxh2 40. Ke4 h5 41. Rxb5 h4 42. Rf5+ Kg6 {White must now prevent ...Rb2.} 43. Rxf4 h3 44. Rh4 Kg5 45. Rg4+ Kf6 46. Rf4+ Ke6 47. Rh4 Rh1 {...h2 is the strong threat.} 48. Kf4 Rb1 {Precision: White = 80%, Black = 59%.} 1/2-1/2

[Event "27th CRO-chT 1A-Men 2018"]
[Site "Biograd"]
[Date "2018.09.13"]
[Round "6.3"]
[White "Martinovic, Sasa"]
[Black "Jovanovic, Zoran"]
[Result "1/2-1/2"]
[WhiteElo "2567"]
[BlackElo "2540"]
[Annotator "TA"]
[PlyCount "47"]
[EventDate "2018.09.08"]
[EventType "team-tourn"]
[EventCountry "CRO"]
[SourceTitle "playchess.com"]
[Source "ChessBase"]
[SourceQuality "1"]

{[%evp 30,47,75,59,77,75,78,60,60,51,62,61,69,68,59,52,96,92,89,89]} 1. d4 Nf6 2. c4 g6 3. Nc3 Bg7 4. e4 d6 5. Nf3 O-O 6. Be2 e5 7. Be3 Ng4 8. Bg5 f6 9. Bc1 Nc6 10. d5 Ne7 11. h3 {[%cal Bh2h3,Bh3h4,Bh4h5][%mdl 32]} Nh6 12. h4 {E92: Königsindisch (Klassisches System)} Nf7 13. h5 g5 14. Be3 h6 15. Nd2 f5 16. exf5 {LiveBook: 3 Partien} Nxf5 17. Nde4 Bd7 18. g4 Nd4 {[#]} 19. Bd3 $146 ({Vorgänger:} 19. f3 Qe7 {1-0 (51) Solak,D (2514)-Srebrnic,V (2240) Portoroz 2003}) 19... c5 20. O-O a6 21. f3 b5 22. b3 b4 23. Ne2 a5 24. a3 1/2-1/2

[Event "27th CRO-chT 1A-Men 2018"]
[Site "Biograd"]
[Date "2018.09.13"]
[Round "6.4"]
[White "Bukal, Vladimir Jr"]
[Black "Cvitan, Ognjen"]
[Result "1/2-1/2"]
[WhiteElo "2380"]
[BlackElo "2489"]
[Annotator "TA"]
[PlyCount "44"]
[EventDate "2018.09.08"]
[EventType "team-tourn"]
[EventCountry "CRO"]
[SourceTitle "playchess.com"]
[Source "ChessBase"]
[SourceQuality "1"]

{[%evp 19,44,-2,0,-3,-5,-14,-15,-20,-29,-32,-3,0,0,0,19,10,9,-10,0,0,0,0,7,3,20,18,17]} 1. d4 Nf6 2. Nf3 g6 3. Nc3 d5 4. Bf4 Bg7 5. Nb5 Na6 {[%cal Bb8a6,Ba6c7,Bc7e8,Be8d6,Bd6e4][%mdl 32]} 6. e3 {D00: 1 d4 d5: Unusual lines} c6 7. Nc3 Nc7 (7... O-O 8. Bxa6 bxa6 9. h3 Nd7 10. O-O Bb7 11. Na4 Rc8 12. b4 a5 13. Nc5 Nxc5 14. bxc5 {1-0 (50) Aronian,L (2797)-Vachier Lagrave,M (2793) Caleta 2018}) 8. h3 O-O 9. Be2 Nce8 10. O-O Nd6 {LiveBook: 6 Games} 11. Bh2 b6 $146 ({Predecessor:} 11... Re8 12. Re1 Nd7 13. Bd3 e5 14. dxe5 Nxe5 15. Nxe5 Bxe5 16. Bxe5 Rxe5 17. e4 dxe4 18. Bxe4 Qe7 19. Bd3 {½-½ (19) Hasangatin,R (2502)-Savitskiy,S (2415) Taganrog 2018}) 12. Ne5 Bb7 13. a4 a5 14. Qb1 Nfe4 15. Nxe4 {The position is equal.} Nxe4 16. Rd1 f6 17. Nf3 e6 18. Ra3 Rf7 19. Nd2 Nxd2 20. Rxd2 Bf8 21. Ra1 Ba6 22. Bxa6 Rxa6 1/2-1/2

[Event "27th CRO-chT 1A-Men 2018"]
[Site "Biograd"]
[Date "2018.09.13"]
[Round "6.5"]
[White "Kurajica, Bojan"]
[Black "Dutina, Dario"]
[Result "1-0"]
[WhiteElo "2526"]
[BlackElo "2245"]
[Annotator "TA"]
[PlyCount "91"]
[EventDate "2018.09.08"]
[EventType "team-tourn"]
[EventCountry "CRO"]
[SourceTitle "playchess.com"]
[Source "ChessBase"]
[SourceQuality "1"]

{[%evp 20,91,26,26,26,24,31,34,32,30,48,40,38,7,20,0,37,21,49,-13,138,151,150,144,169,146,158,158,161,154,165,160,156,148,175,176,220,179,177,170,206,193,195,181,172,176,239,193,261,239,217,131,213,153,171,156,370,366,758,559,1004,916,1003,986,5385,4989,1804,1823,29987,29987,29993,29992,29994,29995]} 1. Nf3 e6 2. g3 b6 3. Bg2 Bb7 4. O-O c5 5. c4 Nf6 6. Nc3 Be7 7. Re1 d5 8. cxd5 exd5 9. d4 O-O 10. b3 Ne4 {E17: Queen's Indian: 4 g3 Bb7 5 Bg2 Be7} (10... Na6 11. Bb2 Nc7 12. Rc1 Ne6 13. e3 Re8 14. Re2 Bf8 15. Rd2 Qe7 16. Nh4 g6 17. dxc5 bxc5 18. Nxd5 Nxd5 19. Bxd5 {1-0 (35) Ding,L (2766)-Tomashevsky,E (2728) Huaian 2016}) 11. Bb2 {LiveBook: 9 Games} Nd7 12. Rc1 Bf6 {White has an edge.} 13. e3 Re8 14. Ne2 $146 ({Predecessor:} 14. dxc5 Ndxc5 15. Nd4 Rc8 16. b4 Nd7 17. Ncb5 Rxc1 18. Qxc1 {0-1 (33) Obiamiwe,P (1926)-Krokay,U (2018) Caleta 2017}) 14... g5 15. Rc2 Qe7 16. Nc1 Rac8 17. Bh3 c4 (17... h5 $5 {[%cal Rg5g4]} 18. Bg2 g4 $15) 18. Ne2 Rc7 19. Nc3 (19. Nd2 $14) 19... a6 $2 (19... Nxc3 $1 $11 20. Bxc3 cxb3 21. axb3 Rec8) 20. Nxe4 $16 Qxe4 21. Nd2 Qe7 22. bxc4 dxc4 23. Rxc4 ({Don't take} 23. Nxc4 $6 Qe4 $14) 23... Rxc4 24. Nxc4 Qe4 {[%csl Gb7][%cal Re4h1]} 25. f3 $1 {[%cal Rf3e4]} Qd5 {[#]} 26. Qe2 $1 {e4 is the strong threat.} b5 27. Na5 {[%cal Bc4a5,Ba5b3,Bb3c5][%mdl 32] Black must now prevent e4.} Ba8 28. Nb3 Nb6 29. e4 Qb7 30. Bg2 Nc4 31. Ba1 Qb6 32. Qf2 a5 (32... Be7 $142 33. d5 Qxf2+ 34. Kxf2 Bb4) 33. Nc5 {Threatens to win with Nd7.} Qc7 (33... Be7 {might work better.} 34. Nd3 Bc6) 34. f4 gxf4 35. Qxf4 Qd8 (35... Qxf4 $16 {was necessary.} 36. gxf4 Rd8) 36. e5 {[%cal Be4e5,Be5e6][%mdl 32]} Bxg2 37. Kxg2 Bg5 $2 (37... Qd5+ $16 38. Ne4 Bg7) 38. Qg4 $18 Kf8 $2 (38... Kh8 39. Qf3 Nd2) 39. Kh3 h6 40. Nd7+ Ke7 41. e6 Ne3 {[#]} 42. Rxe3 $1 {[%mdl 512] White wants to mate with d5.} Bxe3 43. d5 {[%cal Bd4d5,Bd5d6][%mdl 32] White threatens Qf5 and mate.} Bg5 44. Be5 {[%csl Ge5][%cal Rd5d6] White mates.} Rg8 45. d6+ Ke8 {[#]} 46. Nf6+ $1 {[%mdl 512] Precision: White = 62%, Black = 31%.} 1-0

[Event "27th CRO-chT 1A-Men 2018"]
[Site "Biograd"]
[Date "2018.09.13"]
[Round "6.6"]
[White "Bozinovic, Bogdan"]
[Black "Kovacevic, Vlatko"]
[Result "0-1"]
[WhiteElo "2229"]
[BlackElo "2454"]
[Annotator "TA"]
[PlyCount "68"]
[EventDate "2018.09.08"]
[EventType "team-tourn"]
[EventCountry "CRO"]
[SourceTitle "playchess.com"]
[Source "ChessBase"]
[SourceQuality "1"]

{[%evp 23,68,23,33,-10,-12,-17,-12,-16,-19,-19,-10,-38,-14,-44,-29,-29,-41,-167,-54,-147,-161,-164,-152,-213,-186,-273,-187,-290,-278,-387,-389,-383,-381,-423,-429,-418,-367,-375,-359,-358,-333,-578,-538,-556,-415,-664,-646]} 1. d4 Nf6 2. c4 e6 3. Nc3 d5 4. Bg5 Nbd7 5. e3 c6 6. cxd5 exd5 7. Bd3 Be7 8. Nge2 O-O 9. O-O Re8 10. Qc2 h6 11. Bh4 Ne4 12. Bxe7 Qxe7 {LiveBook: 71 Games} 13. Ng3 {D36: Queen's Gambit Declined: Exchange Variation: Main line (5 Bg5 c6 6 Qc2)} Nxg3 14. hxg3 Nf6 15. Rae1 {The position is equal.} Qd6 {[#]} 16. Qd2 $146 ({Predecessor:} 16. Ne2 Bd7 17. Qc5 Qf8 18. Bb1 Bg4 19. Qxf8+ Kxf8 20. Nc1 Nd7 21. f3 Be6 {½-½ (48) Lalith,B (2570)-Xu,Y (2463) Al Ain 2015}) 16... Be6 17. Re2 Re7 18. Qe1 Rae8 19. b4 Qxb4 20. f3 ({Better is} 20. Ne4 $1 $15 Qa3 21. Nxf6+ gxf6 22. Rd2) 20... Bd7 (20... c5 $19 {aiming for ...Bd7.} 21. Nb5 Qxe1 22. Rfxe1 c4) 21. Qd2 (21. Ne4 $1 $15 Qa3 22. Nxf6+ gxf6 23. Qd2) 21... Qd6 $17 22. g4 a6 23. Qe1 (23. Kh1 $17) 23... c5 {[%cal Bc6c5,Bc5c4,Bc4c3][%mdl 32]} 24. Qf2 (24. dxc5 $142 Qxc5 25. Nd1) 24... b5 {[%cal Bb7b5,Bb5b4][%mdl 32]} 25. Rfe1 (25. dxc5 {was called for.} Qxc5 26. Nd1) 25... c4 $19 26. Bb1 b4 27. Nd1 c3 28. Qh4 Bb5 29. Rf2 Ba4 30. Bc2 Bxc2 31. Rxc2 Nh7 32. g3 $2 (32. Ree2 {was necessary.}) 32... a5 33. f4 Qf6 34. Qh3 {[#]} (34. Qh5 $142) 34... Qxd4 $1 {[%mdl 512] Precision: White = 20%, Black = 47%.} 0-1

[Event "27th CRO-chT 1A-Men 2018"]
[Site "Biograd"]
[Date "2018.09.13"]
[Round "6.7"]
[White "Bosiocic, Marin"]
[Black "Movsesian, Sergei"]
[Result "1-0"]
[WhiteElo "2600"]
[BlackElo "2645"]
[Annotator "TA"]
[PlyCount "119"]
[EventDate "2018.09.08"]
[EventType "team-tourn"]
[EventCountry "CRO"]
[SourceTitle "playchess.com"]
[Source "ChessBase"]
[SourceQuality "1"]

{[%evp 15,119,11,7,-30,-21,-62,0,-10,0,0,2,0,0,-8,0,0,11,12,12,27,26,26,20,20,31,26,28,-2,0,0,0,0,33,48,37,10,12,12,11,12,11,17,21,0,0,-39,-41,-31,-27,-31,0,0,0,-10,1,11,35,35,35,47,110,110,128,128,214,214,214,191,246,246,246,246,246,246,246,246,246,246,246,246,404,404,404,246,246,0,397,402,401,393,488,466,735,688,1389,1337,1387,1220,2432,2450,2380,2396,2402,2380,2212,2178]} 1. d4 Nf6 2. c4 e6 3. Nf3 d5 4. g3 Bb4+ 5. Nbd2 O-O 6. Bg2 b6 7. a3 Be7 8. cxd5 {E11: Bogo-Indian} exd5 {LiveBook: 4 Games} 9. b4 (9. O-O c5 10. dxc5 bxc5 11. e4 Bb7 12. exd5 Bxd5 13. Ne5 Bxg2 14. Kxg2 Qd5+ 15. Qf3 Rc8 {½-½ (51) Lysyj,I (2670)-Grachev,B (2661) Vladivostok 2014}) 9... a5 $146 ({Predecessor:} 9... Bb7 10. O-O Nbd7 11. Bb2 Re8 12. Rc1 Bd6 13. Nh4 a6 14. Nf5 Bf8 15. Nc4 g6 {1-0 (31) Miedema,D (2394)-Sanijs,F (2042) Amsterdam 2013}) 10. b5 {The position is equal.} a4 (10... Bd7 $15) 11. Ne5 $11 Qe8 12. Qc2 Bd6 13. Rb1 Ra5 14. Qd3 Bxe5 15. dxe5 Qxe5 16. Bb2 Qf5 17. Bc3 Ra7 18. Nf3 Re8 {Strongly threatening ...Qxd3.} 19. O-O Qxd3 20. exd3 Bf5 21. Rfe1 {aiming for Bxf6.} Rxe1+ (21... Bxd3 $2 22. Bxf6 Rxe1+ 23. Rxe1 $18) 22. Rxe1 {Bxf6 is the strong threat.} Nbd7 23. Re3 Ra8 24. Nd4 Bg6 25. f4 {[%cal Bf2f4,Bf4f5][%mdl 32]} Re8 $1 {[%cal Re8e3]} 26. Rxe8+ Nxe8 27. f5 ({Of course not} 27. Bxd5 Bxd3 28. Bc6 Ndf6 $17) 27... Bh5 28. h3 {Black must now prevent g4.} f6 29. Kf2 Bf7 30. Ke3 Nd6 31. g4 Nc5 32. Bb4 h6 33. Bf3 Kh7 34. h4 Kh8 35. h5 Kh7 36. Bd1 {[%mdl 1024] White has compensation.} Kg8 $1 37. Bc2 Kh8 ({Black should try} 37... Be8 $14) 38. Be1 $1 $16 Kg8 39. Bg3 Kf8 {[#]} (39... Ne8 $16) 40. Bxd6+ $1 $18 cxd6 {[%mdl 4096] Endgame [#] KBN-KBN} 41. Ne2 $1 d4+ (41... Be8 $142) 42. Kxd4 Ke8 43. Nf4 Kd8 44. Kc3 d5 45. Bd1 Kd7 46. d4 Ne4+ 47. Kb4 Kd6 $2 (47... Nd2 {was worth a try.} 48. Bxa4 (48. Kxa4 Ke7 $16) 48... Nf1) 48. Be2 Be8 49. Bf3 Bd7 50. Be2 $2 ({Not} 50. Kxa4 Nc3+ 51. Kb4 Nxb5 $11) (50. Ng2) 50... Be8 51. Ng2 Bd7 52. Ne3 Be8 53. Bf3 {White is clearly winning.} Nd2 (53... Ng5 $142) 54. Bxd5 Nf1 55. Nxf1 Kxd5 56. Nd2 Kxd4 57. Nc4 Bf7 58. Nxb6 Ke4 59. Nxa4 Kf4 60. Nc3 {Precision: White = 74%, Black = 42%.} 1-0

[Event "27th CRO-chT 1A-Men 2018"]
[Site "Biograd"]
[Date "2018.09.13"]
[Round "6.8"]
[White "Nguyen, Thai Dai Van"]
[Black "Beliavsky, Alexander G"]
[Result "1-0"]
[WhiteElo "2537"]
[BlackElo "2540"]
[Annotator "TA"]
[PlyCount "129"]
[EventDate "2018.09.08"]
[EventType "team-tourn"]
[EventCountry "CRO"]
[SourceTitle "playchess.com"]
[Source "ChessBase"]
[SourceQuality "1"]

{[%evp 19,129,20,33,22,50,23,69,25,58,29,26,-10,-15,-3,81,95,106,96,139,64,95,89,108,104,85,78,102,86,83,29,104,107,242,248,245,88,103,104,112,110,237,218,233,144,145,146,137,132,196,196,203,210,350,347,348,347,345,342,331,323,306,263,240,225,382,389,384,375,399,387,357,372,415,418,397,385,380,287,269,259,359,392,354,284,331,328,283,241,475,476,462,418,518,404,404,0,392,389,384,383,385,363,583,583,1220,1225,29971,29972,29972,29974,29974,29975]} 1. Nf3 Nf6 2. c4 e6 3. Nc3 c5 4. g3 b6 5. Bg2 Bb7 6. O-O Be7 7. Re1 d5 8. cxd5 exd5 9. d4 O-O 10. Bf4 Nc6 11. dxc5 {E17: Queen's Indian: 4 g3 Bb7 5 Bg2 Be7} Bxc5 (11... bxc5 12. Rc1 h6 13. Na4 g5 14. Be3 d4 15. Bd2 Ne4 16. Qc2 Nb4 17. Bxb4 cxb4 18. Qc7 Rb8 {1-0 (38) Ragger,M (2652)-Anurag,M (2426) Graz 2015}) 12. e3 Re8 $146 ({Predecessor:} 12... Bb4 13. Qd3 Ne4 14. Rad1 Bxc3 15. bxc3 g5 16. Nxg5 Nxg5 17. Qf5 Ne6 18. Rxd5 Ng7 19. Rxd8 Nxf5 {1-0 (38) Jorczik,J (2368)-Celis,J (1698) Kemer 2009}) 13. Nb5 {White is slightly better.} Nh5 $1 14. Bg5 {[%cal Bf4g5,Bg5h4,Bh4g3][%mdl 32]} f6 15. Bh4 (15. Bf4 $5) 15... g5 {Threatens to win with ...Ng7.} 16. g4 Ng7 (16... Kh8 $11) 17. Bg3 $36 {[%mdl 2048] Strongly threatening Nc7. Black is under strong pressure.} Rc8 18. h4 h6 19. Nfd4 (19. hxg5 $16 hxg5 20. Nc3) 19... Nxd4 20. exd4 Rxe1+ 21. Qxe1 Bf8 22. Nxa7 Rc4 23. hxg5 hxg5 24. Rc1 ({White should play} 24. Qd1 $16) 24... Qe8 (24... Qd7 $11 {remains equal.}) 25. Qd1 $1 Qa4 (25... Rxc1 $16 {was worth a try.} 26. Qxc1 Ne6) 26. Qxa4 $18 Rxa4 27. Nc8 $2 (27. Nc6 $18 {is the precise move to win.}) 27... Ne6 $16 28. Nxb6 Rxa2 29. Nxd5 Rxb2 (29... Kf7 $16 {might work better.}) 30. Nxf6+ $18 Kf7 31. Bxb7 Rxb7 {[#]} 32. Be5 $1 Bg7 33. Ne4 Rd7 (33... Bxe5 $16 34. dxe5 Ra7 35. Nd6+ Kf8) 34. Nd6+ Kg6 {[#]} 35. Rc6 $1 {Black must now prevent Ne8.} Nxd4 (35... Bxe5 {keeps fighting.} 36. dxe5 Ra7) 36. Bxd4 Bxd4 {[%mdl 4096] Endgame KRB-KRN} 37. Ne4+ Kg7 38. Nxg5 Be5 39. Kg2 Ra7 40. Rc5 Kf6 41. Nf3 Bd6 $2 (41... Bb2 42. Rb5 Bc1 43. Rf5+ Ke7) 42. Rc6 Rd7 43. Nd2 Kg7 44. Ne4 Be5 45. Rc5 Re7 46. Ng3 {And now Nf5+ would win.} Kg6 47. Nf5 Re8 48. Nh4+ Kh6 49. Nf3 Bb8 50. Rc6+ Kg7 51. Ng5 Re2 52. Kf3 Ra2 53. Ne4 Be5 $2 (53... Ra3+ 54. Ke2 Ra2+ 55. Kd3 Ra3+ 56. Ke2 Ra2+ 57. Ke3 Ra3+ 58. Rc3 Ba7+ 59. Ke2 Ra2+ 60. Kf3 Ra4) 54. g5 Ra4 55. Re6 Bd4 56. Nd6 Ra5 57. Ne4 Ra4 58. Kg2 Kf7 59. Rc6 Be5 60. f3 {[%cal Bf2f3,Bf3f4][%mdl 32]} Ra3 $2 {[#]} (60... Bb2 61. Kg3 Be5+ 62. Kg4 Rb4) 61. f4 $1 Re3 (61... Bxf4 62. Rf6+) 62. Nd6+ Kg8 63. Nc4 {White mates.} Bxf4 64. Nxe3 Bxe3 65. Kf3 {Precision: White = 72%, Black = 40%.} 1-0

[Event "27th CRO-chT 1A-Men 2018"]
[Site "Biograd"]
[Date "2018.09.13"]
[Round "6.9"]
[White "Sebenik, Matej"]
[Black "Sertic, Rudolf"]
[Result "1-0"]
[WhiteElo "2570"]
[BlackElo "2366"]
[Annotator "TA"]
[PlyCount "119"]
[EventDate "2018.09.08"]
[EventType "team-tourn"]
[EventCountry "CRO"]
[SourceTitle "playchess.com"]
[Source "ChessBase"]
[SourceQuality "1"]

{[%evp 24,119,12,12,3,12,22,14,35,26,53,50,52,45,48,50,57,34,51,27,39,12,21,12,12,13,12,12,9,13,12,10,30,30,28,29,29,28,28,28,59,42,89,75,103,100,243,242,267,271,449,449,449,449,417,414,392,392,29968,1123,29974,29975,29973,29976,29976,29977,29977,29978,29978,29979,29979,0,8,19,34,41,41,41,41,41,41,0,0,0,0,0,0,0,0,0,0,0,0,0,0,0,29984,29985]} 1. Nf3 d5 2. d4 Nf6 3. c4 c6 4. Nc3 dxc4 5. a4 e6 6. e4 Bb4 7. Bg5 Bxc3+ 8. bxc3 Qa5 {D44: Semi-Slav: Botvinnik System} 9. e5 Ne4 10. Rc1 b5 11. Qc2 Nxg5 12. Nxg5 Qxa4 13. Qxa4 {LiveBook: 4 Games} bxa4 14. Bxc4 Nd7 {[#]} 15. f4 $146 ({Predecessor:} 15. O-O c5 16. Ne4 {1-0 (62) Martirosyan,H (2586)-Beradze,I (2464) Batumi 2018}) 15... Nb6 16. Bd3 f5 17. exf6 $1 gxf6 18. Ne4 ({Of course not} 18. Nxh7 Kf7 $15) 18... O-O 19. O-O {[%mdl 1024] White has compensation.} Nd5 20. Rf3 a5 21. c4 Nb4 22. Rg3+ Kh8 23. Bb1 Ra7 24. Nd6 c5 25. dxc5 Rc7 26. Rd1 f5 27. c6 Nxc6 28. Bc2 $36 {[%mdl 2048] White is pushing.} e5 29. Bxa4 exf4 30. Rf3 Ne5 31. Rxf4 Ng6 32. Rf2 f4 33. Rd5 Be6 34. Rxa5 f3 (34... Rg8 $16 35. h3 Rf8) 35. Rxf3 $18 Rxf3 36. gxf3 Bxc4 $2 (36... Bd7 37. Bxd7 Rxd7) 37. Ra8+ Bg8 38. Bb3 $1 {[%csl Gb3][%cal Ra8g8]} Ne7 39. Bxg8 $1 Nxg8 {[%mdl 4096] Endgame KRN-KRN} 40. Nf5 $1 Rf7 $2 {[#]} (40... h5 $18 41. Nh6 Kh7) 41. Nh6 (41. Rxg8+ $142 $1 {[%mdl 512]} Kxg8 42. Nh6+ Kg7 43. Nxf7 Kf6 44. Nd6 Ke6 45. Ne4 Ke5 46. h4) 41... Rg7+ 42. Kf2 Rg6 43. Rxg8+ Rxg8 44. Nxg8 Kxg8 {KPP-KP} 45. Ke3 Kf7 46. Kf4 Kf6 47. h3 $2 (47. Ke4 {mates} Ke6 48. h4 Kf7 49. Kf5 Ke7 50. Ke5 Kf7 51. Kf5 Ke7 52. Ke5) 47... Kf7 48. Kf5 {Hoping for Kg5.} Ke7 49. Kg5 Kf7 $1 50. Kh6 Kg8 $1 51. f4 {Intending h4 and mate.} Kh8 $1 52. h4 {And now Kg5 would win.} Kg8 53. Kh5 Kf7 54. Kg5 Kg7 $1 55. h5 {Black must now prevent h6+.} Kf7 56. Kf5 Ke7 57. Ke5 {Threatens to win with Kf5.} Kf7 $1 58. Kd6 Kf6 59. h6 Kf5 $2 {[%mdl 8192] [#]} (59... Kf7 $11) 60. Ke7 $1 {Precision: White = 70%, Black = 48%.} 1-0

[Event "27th CRO-chT 1A-Men 2018"]
[Site "Biograd"]
[Date "2018.09.13"]
[Round "6.10"]
[White "Biti, Ozren"]
[Black "Tica, Sven"]
[Result "1/2-1/2"]
[WhiteElo "2366"]
[BlackElo "2442"]
[Annotator "TA"]
[PlyCount "35"]
[EventDate "2018.09.08"]
[EventType "team-tourn"]
[EventCountry "CRO"]
[SourceTitle "playchess.com"]
[Source "ChessBase"]
[SourceQuality "1"]

{[%evp 17,35,30,39,14,18,0,11,10,8,10,12,1,14,1,16,0,0,0,-8,-5]} 1. e4 c6 2. d4 d5 3. Nc3 dxe4 4. Nxe4 Nf6 5. Nxf6+ exf6 6. Bc4 Bd6 7. Qe2+ Be7 8. Nf3 O-O 9. O-O Bd6 {LiveBook: 5 Games. B15: Caro-Kann: 3 Nc3: 3...g6 and 3...dxe4 4 Nxe4 Nf6 5 Nxf6+ exf6} 10. h3 (10. c3 Na6 11. Qc2 Re8 12. Nd2 Nc7 13. Bd3 g6 14. Ne4 Bf8 15. Bd2 f5 16. Ng3 Nd5 17. Rfe1 {0-1 (43) Karjakin,S (2773)-Navara,D (2737) Saint Louis 2017}) 10... Na6 $146 {[%cal Bb8a6,Ba6c7,Bc7e6][%mdl 32] The position is equal.} ({Predecessor:} 10... Bf5 11. Re1 Nd7 12. Nh4 Bg6 13. Nxg6 hxg6 14. Be3 f5 15. Qd2 Qc7 16. Bg5 Nb6 17. Bb3 Nd5 18. c4 Bb4 19. Qc2 Bxe1 20. Rxe1 Rfe8 21. Rc1 Nf4 22. Rd1 Ne6 23. Bh4 Nxd4 {0-1 (23) Fierro Baquero,M (2334)-La Rota,F (2345) Dos Hermanas 2003}) 11. c3 Nc7 12. Qc2 Be6 13. Bxe6 Nxe6 14. Be3 Re8 15. Rad1 g6 16. Qb3 Qc7 17. d5 cxd5 18. Rxd5 1/2-1/2